logo

Modern Introductory Analysis (Record no. 1916)

000 -LEADER
fixed length control field 00420nam a22001697a 4500
003 - CONTROL NUMBER IDENTIFIER
control field SLTCLib
008 - FIXED-LENGTH DATA ELEMENTS--GENERAL INFORMATION
fixed length control field 260114b ce ||||| |||| 00| 0 eng d
020 ## - INTERNATIONAL STANDARD BOOK NUMBER
International Standard Book Number 978-0395286975
041 ## - LANGUAGE CODE
Language code of text/sound track or separate title English Language
082 ## - DEWEY DECIMAL CLASSIFICATION NUMBER
Classification number 517
Item number DOL
100 ## - MAIN ENTRY--PERSONAL NAME
Personal name Dolciani, Mary P.
9 (RLIN) 3417
245 ## - TITLE STATEMENT
Title Modern Introductory Analysis
260 ## - PUBLICATION, DISTRIBUTION, ETC. (IMPRINT)
Name of publisher, distributor, etc Houghton Mifflin College
Date of publication, distribution, etc 1980
300 ## - PHYSICAL DESCRIPTION
Extent 713p.
650 #0 - SUBJECT ADDED ENTRY--TOPICAL TERM
9 (RLIN) 5
Topical term or geographic name as entry element Mathematics
942 ## - ADDED ENTRY ELEMENTS (KOHA)
Source of classification or shelving scheme
Koha item type Lending Materials
945 ## - LOCAL PROCESSING INFORMATION (OCLC)
a 3725
b Ishara wickramage
c 3725
d Ishara wickramage
Holdings
Withdrawn status Lost status Source of classification or shelving scheme Damaged status Not for loan Collection code Permanent Location Current Location Shelving location Date acquired Source of acquisition Full call number Barcode Date last seen Price effective from Koha item type
          Lending collection Library of SLTC Library of SLTC Lending Section 2026-01-14 Donation 517 DOL 000985 2026-01-14 2026-01-14 Lending Materials
Ghostwriter

All Rights Reserved, Library of SLTC
Sri Lanka Technological Campus, Ingiriya Road, Padukka, Sri Lanka - Telephone: +, Fax: + -
Email:library@sltc.edu.lk
Designed & Maintained by Nimal Hettiarachchi
Last Updated: 15-April -2018